MARC details
| 000 -LEADER |
| fixed length control field |
01151nam#a2200301#a#4500 |
| 001 - CONTROL NUMBER |
| control field |
vtls000989879 |
| 003 - CONTROL NUMBER IDENTIFIER |
| control field |
NLI |
| 005 - DATE AND TIME OF LATEST TRANSACTION |
| control field |
20210627102251.0 |
| 008 - FIXED-LENGTH DATA ELEMENTS--GENERAL INFORMATION |
| fixed length control field |
120214s1979 dcu r f000 0 eng |
| 022 ## - INTERNATIONAL STANDARD SERIAL NUMBER |
| International Standard Serial Number |
0277-3570 |
| ISSN-L |
0277-3570 |
| 039 #9 - LEVEL OF BIBLIOGRAPHIC CONTROL AND CODING DETAIL [OBSOLETE] |
| -- |
201202141844 |
| -- |
Datasoft |
| 040 ## - CATALOGING SOURCE |
| Original cataloging agency |
NLI |
| Language of cataloging |
eng |
| Transcribing agency |
Datasoft_FOD |
| Description conventions |
AACR2 |
| 041 0# - LANGUAGE CODE |
| Language code of text/sound track or separate title |
eng |
| 044 ## - COUNTRY OF PUBLISHING/PRODUCING ENTITY CODE |
| MARC country code |
dcu |
| 082 04 - DEWEY DECIMAL CLASSIFICATION NUMBER |
| Classification number |
378.12140973 |
| 110 1# - MAIN ENTRY--CORPORATE NAME |
| Corporate name or jurisdiction name as entry element |
United States. |
| Subordinate unit |
Department of Health, Education, and Welfare |
| 9 (RLIN) |
703319 |
| 130 0# - MAIN ENTRY--UNIFORM TITLE |
| Uniform title |
Financial assistance by geographic area (United States. Dept. of Education. Office of Financial Management) |
| 9 (RLIN) |
924963 |
| 245 10 - TITLE STATEMENT |
| Title |
Financial assistance by geographic area/ |
| Statement of responsibility, etc. |
United States Department of Health, Education and Welfare |
| 260 ## - PUBLICATION, DISTRIBUTION, ETC. |
| Place of publication, distribution, etc. |
Washington, D.C. : |
| Name of publisher, distributor, etc. |
U. S. Dept. of Health, Education and Welfare, |
| Date of publication, distribution, etc. |
1979 |
| 300 ## - PHYSICAL DESCRIPTION |
| Extent |
747 p. ; |
| Dimensions |
27 cm. |
| 500 ## - GENERAL NOTE |
| General note |
Cover title |
| 650 #0 - SUBJECT ADDED ENTRY--TOPICAL TERM |
| Topical term or geographic name entry element |
Academic freedom |
| General subdivision |
Higher education |
| Geographic subdivision |
United States |
| Form subdivision |
Directories |
| 9 (RLIN) |
931089 |
| 650 #0 - SUBJECT ADDED ENTRY--TOPICAL TERM |
| Topical term or geographic name entry element |
Universities and colleges |
| Geographic subdivision |
United States |
| Form subdivision |
Directories |
| 9 (RLIN) |
697505 |
| 887 ## - NON-MARC INFORMATION FIELD |
| Content of non-MARC field |
|
| 901 ## - LOCAL DATA ELEMENT A, LDA (RLIN) |
| a |
AD 120652 |
| b |
20.10.2010 |
| 902 ## - LOCAL DATA ELEMENT B, LDB (RLIN) |
| a |
U.S 378.12140973 Un 3 f |
| 942 ## - ADDED ENTRY ELEMENTS (KOHA) |
| Source of classification or shelving scheme |
Dewey Decimal Classification |
| Koha item type |
Books |